Guess the Star Wars Bounty Hunters Quiz - Statistics

General Stats
  • This quiz has been taken 29 times
  • The average score is 11 of 21
Answer Stats
Hint Answer % Correct
Human Boba Fett
96%
Trandoshan Bossk
93%
Assassin Droid IG-88
93%
Human Jango Fett
81%
Assassin Droid IG-11
78%
Duros Cad Bane
74%
Human Dengar
74%
Protocol Droid 4-lom
63%
Kyuzo Embo
59%
Valik Aurra Sing
56%
Dathomiriam Asajj Ventress
52%
Wookie Black Krrsantan
48%
Human Din Djarin
48%
Gand Zuckuss
44%
Zabrak Sugi
30%
Combat Droid C-21 Highsinger
26%
Human Fennec Shand
26%
Klatooinian Castas
11%
Human Caaldra
4%
Assassin Droid Captivator
4%
Twi'lek Caranna
4%
No matching quizzes found
Score Distribution
Percent of People with Each Score
Percentile by Number Answered
Your Score History
You have not taken this quiz